Регионална библиотека "Любен Каравелов" - Русе

Немското присъствие в гр. Русе от средата на ХІХ век до наши дни (Запис номер 100042)

MARC детайли
000 -Лидер
Контролно поле с фиксирана дължина 02439nam a2200493 c 4500
003 - Код на организацията, давaща контролен номер
Контролно поле BLK
005 - Дата и час на последна редакция
Контролно поле 20231205105318.0
008 - Елементи от данни с фиксирана дължина
fixed length control field 180409b bul|||||r ||||||| ||bul||
010 ## - Наследен системен номер
LC control number KNG00105060000
020 ## - Международен стандартен номер на книга ISBN
Международен стандартен номер на книга ISBN 954-8190-29-Х
040 ## - Източник на каталожния запис
Идентификатор на билиотеката - собственик на записа BLK
041 ## - Код за език
Код за езика на текст/звукозапис или на отделно заглавие Български
Код за езика КДБФ Български
Други езици Немски
072 #7 - Код за тематичната категория
Код организация bullib
Код за тематична категория К
Текст Краезнание
080 ## - УДК
Текстов определител УДК Специални образователни средни училища - Училища с засилено изучаване на класически езици, на математика и естествени науки и др.
УДК код - определител по УДК 373.52
УДК определител (497.215)(091)(063)
УДК - код + определител 373.52(497.215)(091)(063)
080 ## - УДК
Текстов определител УДК Цивилизация. Култура. Прогрес. История на културата вж 930.85
УДК код - определител по УДК 008
УДК определител (497.215)(091)(063)
УДК - код + определител 008(497.215)(091)(063)
080 ## - УДК
Текстов определител УДК Цивилизация. Култура. Прогрес. История на културата вж 930.85
УДК код - определител по УДК 008
УДК определител (497.2:430)(091)(063)
УДК - код + определител 008(497.2:430)(091)(063)
139 ## - Редно поле
Редна дума Немското присъствие в гр. Русе от средата на ХІХ век до наши дни
Авторски знак Нем - Н 53
245 10 - Сведения за заглавието
Заглавие Немското присъствие в гр. Русе от средата на ХІХ век до наши дни
Подзаглавни данни Сб. със съобщения от кръглата маса, състояла се на 10.05.2003 г.
257 ## - Страна на издаване
Страна на създаване/издаване България
260 ## - Област на издателските данни
Име на издателя, разпространителя и проч. Лени-Ан
Година на издаване 2003
300 ## - Физическа характеристика
Страници 77 с.
Размери/Мащаб 20 см
380 ## - Жанр
Жанр Обществени науки
500 ## - Общи забележки
Забележка Кн. се посвещава на 120-год. от създаването на Deutsche Schule - Русе. - Офс. изд.
650 #4 - Допълнително описание по предмет – тема
Основно описание – тема или топоним Средни училища - България - Русе
9 (RLIN) 279831
650 #4 - Допълнително описание по предмет – тема
Основно описание – тема или топоним Русе - култура
9 (RLIN) 251541
650 #4 - Допълнително описание по предмет – тема
Основно описание – тема или топоним Българо-германски културни отношения
9 (RLIN) 278917
651 #4 - Допълнително описание по предмет - топоним
Географско понятие Русе
9 (RLIN) 179462
651 #4 - Допълнително описание по предмет - топоним
Географско понятие България
9 (RLIN) 241624
651 #4 - Допълнително описание по предмет - топоним
Географско понятие Германия
9 (RLIN) 178754
653 ## - Ключова дума – ненормативна
Ключова дума Дойче шуле
653 ## - Ключова дума – ненормативна
Ключова дума средни училища
653 ## - Ключова дума – ненормативна
Ключова дума култура
653 ## - Ключова дума – ненормативна
Ключова дума история
653 ## - Ключова дума – ненормативна
Ключова дума немски училища
659 ## - Тематичен бюлетин
Тематичен бюлетин К
852 ## - Местоположение
Форматна сигнатура Цб 214166
852 ## - Местоположение
Форматна сигнатура К 373.5/Н 53
856 4# - Електронен адрес и достъп
Електронен формат pdf - файл
856 4# - Електронен адрес и достъп
Електронен формат pdf - файл
999 ## - СИСТЕМНИ КОНТРОЛНИ НОМЕРА
Koha biblionumber 100042
Koha biblioitemnumber 100042
942 ## - АРТИКУЛИ
Вид на библиотечния материал Книги
Скрит в OPAC Не
Koha issues (borrowed), all copies 3
Периодичен библиозапис Да
944 ## - СЪЗДАВАНЕ И РЕДАКЦИЯ на ЗАПИСА
Създаване/Редакция Създаване
Дата на регистрацията/редакция 01.01.2003
Статус, дата на статуса Цветелина Шанова
Служител, извършил регистрацията/редакцията 30531
944 ## - СЪЗДАВАНЕ И РЕДАКЦИЯ на ЗАПИСА
Създаване/Редакция Редакция
Дата на регистрацията/редакция 04.05.2015
Статус, дата на статуса ф /
Служител, извършил регистрацията/редакцията Валя_Йорданова
999 ## - СИСТЕМНИ КОНТРОЛНИ НОМЕРА
Koha biblioitemnumber 100042
Наличности
Код за отписване Код за изгубен артикул Източник на класификационната схема Код за повреда Коз за рестрикции Код за отдаване Артикулен № Име на библиотеката - собственик Име на библиотеката, в която се намира в момента Статус (Текущо местоположение) Дата на вписване в системата Местоположение - отдел Цена в лева Инвентарен номер Систематично азбучна сигнатура Баркод Номер на екземпляра Цена в евро Служебна бележка Служебен тип на артикула
  Не е изгубен Universal Decimal Classification Не е повреден без рестрикции ползва се в читалня 161121 Регионална библиотека "Любен Каравелов" Русе Регионална библиотека "Любен Каравелов" Русе Краезнание 2003-11-10 Краезнание 3.00 120000679833 К 373.5/Н 53 120000679833 1 1.53 Дост: DA Вид: А N: 26 Дата: 10.11.2003 Дата инв: 09.11.2017 Бележки инв: К2017 Книги
  Не е изгубен Universal Decimal Classification Не е повреден без рестрикции ползва се в читалня 161122 Регионална библиотека "Любен Каравелов" Русе Регионална библиотека "Любен Каравелов" Русе Хранилище 2004-07-16 Хранилище 0.00 120000687073 Цб 214166 120000687073 2 0.00 Дост: Dp Вид: Д N: 39 Дата: 17.09.2003 Книги
  Не е изгубен   Не е повреден без рестрикции заемане за дома 161123 Регионална библиотека "Любен Каравелов" Русе Регионална библиотека "Любен Каравелов" Русе Заемна - подръчен фонд 2012-06-18 Заемна - подръчен фонд 3.00 120000758398 П 373.5/Н 53 120000758398 3 1.53 Дост: DA Вид: А N: 11 Дата: 18.06.2012 Дата инв: 07.02.2018 Бележки инв: П2018 Книги
  Не е изгубен   Не е повреден без рестрикции заемане за дома 161124 Регионална библиотека "Любен Каравелов" Русе Регионална библиотека "Любен Каравелов" Русе Заемна - подръчен фонд 2012-06-18 Заемна - подръчен фонд 3.00 120000758399 П 373.5/Н 53 120000758399 4 1.53 Дост: DA Вид: А N: 11 Дата: 18.06.2012 Дата инв: 07.02.2018 Бележки инв: П2018 Книги
  Не е изгубен   Не е повреден без рестрикции заемане за дома 161125 Регионална библиотека "Любен Каравелов" Русе Регионална библиотека "Любен Каравелов" Русе Заемна - подръчен фонд 2012-06-18 Заемна - подръчен фонд 3.00 120000758400 П 373.5/Н 53 120000758400 5 1.53 Дост: DA Вид: А N: 11 Дата: 18.06.2012 Дата инв: 07.02.2018 Бележки инв: П2018 Книги
Vip Innovations Ltd, Rousse, Bulgaria 2025